00423 2200157 4500001002100000005001500021035002000036245006800056100001400124300002700138260004400165082000800209084001400217020002200231990001200253INLIS00000000000267920250904030710 a0010-09250000261 aBe Heard :bMenguasai Seni Berbicara Di Depan Umum /cPutu Tiwi0 aPutu Tiwi a98 hlm ;c14,5 x 21 cm aJakarta :bEsensi Erlangga Group,c2024 a400 a400 PUT b a978-634-7049-19-3 a0755343